| 000 | 01436nam a2200361Ia 4500 | ||
|---|---|---|---|
| 001 | ebr10150443 | ||
| 003 | CaPaEBR | ||
| 006 | m u | ||
| 007 | cr cn||||||||| | ||
| 008 | 050901s2006 nyu sb 001 0 eng d | ||
| 010 | _z 2005044602 | ||
| 020 | _z140398283X | ||
| 020 | _z1403965137 (alk. paper) | ||
| 040 |
_aCaPaEBR _cCaPaEBR |
||
| 035 | _a(OCoLC)567962822 | ||
| 050 | 1 | 4 |
_aPR590 _b.R57 2006eb |
| 082 | 0 | 4 |
_a821/.709145 _222 |
| 100 | 1 |
_aRobinson, Jeffrey Cane, _d1943- |
|
| 245 | 1 | 0 |
_aUnfettered poetry _h[electronic resource] : _bfancy in British Romanticism / _cJeffrey C. Robinson. |
| 260 |
_aNew York : _bPalgrave Macmillan, _c2006. |
||
| 300 | _ax, 301 p. | ||
| 504 | _aIncludes bibliographical references and index. | ||
| 533 |
_aElectronic reproduction. _bPalo Alto, Calif. : _cebrary, _d2009. _nAvailable via World Wide Web. _nAccess may be limited to ebrary affiliated libraries. |
||
| 650 | 0 |
_aEnglish poetry _y19th century _xHistory and criticism. |
|
| 650 | 0 |
_aExperimental poetry, English _xHistory and criticism. |
|
| 650 | 0 |
_aInvention (Rhetoric) _xHistory _y19th century. |
|
| 650 | 0 |
_aRomanticism _zGreat Britain. |
|
| 650 | 0 | _aFantasy in literature. | |
| 650 | 0 | _aVisions in literature. | |
| 655 | 7 |
_aElectronic books. _2local |
|
| 710 | 2 | _aebrary, Inc. | |
| 856 | 4 | 0 |
_uhttp://site.ebrary.com/lib/rucke/Doc?id=10150443 _zAn electronic book accessible through the World Wide Web; click to view |
| 999 |
_c94620 _d94620 |
||